<?xml version="1.0" encoding="UTF-8"?>
<record
    xmlns:xsi="http://www.w3.org/2001/XMLSchema-instance"
    xsi:schemaLocation="http://www.loc.gov/MARC21/slim http://www.loc.gov/standards/marcxml/schema/MARC21slim.xsd"
    xmlns="http://www.loc.gov/MARC21/slim">

  <leader>00564nam a2200169   4500</leader>
  <datafield tag="999" ind1=" " ind2=" ">
    <subfield code="c">121513</subfield>
    <subfield code="d">121513</subfield>
  </datafield>
  <controlfield tag="005">20210311103150.0</controlfield>
  <controlfield tag="008">210227b           ||||| |||| 00| 0 eng d</controlfield>
  <datafield tag="040" ind1=" " ind2=" ">
    <subfield code="c">PK-LaUMT</subfield>
  </datafield>
  <datafield tag="082" ind1=" " ind2=" ">
    <subfield code="a">RHC 891.439305</subfield>
    <subfield code="b">FAN-</subfield>
  </datafield>
  <datafield tag="245" ind1=" " ind2=" ">
    <subfield code="a">Fanoos (2016, Vol. 56, issue No. 1, mahnama, Lahore) = &#x641;&#x627;&#x646;&#x648;&#x633; (&#x62C;&#x644;&#x62F; 56&#x60C; &#x634;&#x645;&#x627;&#x631;&#x6C1; &#x646;&#x645;&#x628;&#x631; 1&#x60C; 2016 &#x645;&#x627;&#x6C1; &#x646;&#x627;&#x645;&#x6C1; &#x644;&#x627;&#x6C1;&#x648;&#x631; /</subfield>
    <subfield code="c">edited by Muhammad Shakoor Tufail</subfield>
  </datafield>
  <datafield tag="260" ind1=" " ind2=" ">
    <subfield code="a">Lahore :</subfield>
    <subfield code="b">Mahnamah Fanoos,</subfield>
    <subfield code="c">2016</subfield>
  </datafield>
  <datafield tag="300" ind1=" " ind2=" ">
    <subfield code="a">496 p.</subfield>
  </datafield>
  <datafield tag="546" ind1=" " ind2=" ">
    <subfield code="a">Urdu</subfield>
  </datafield>
  <datafield tag="650" ind1=" " ind2=" ">
    <subfield code="a">Urdu literature</subfield>
  </datafield>
  <datafield tag="650" ind1=" " ind2=" ">
    <subfield code="a">Urdu magazines</subfield>
  </datafield>
  <datafield tag="942" ind1=" " ind2=" ">
    <subfield code="c">BK</subfield>
  </datafield>
  <datafield tag="952" ind1=" " ind2=" ">
    <subfield code="0">0</subfield>
    <subfield code="1">0</subfield>
    <subfield code="4">0</subfield>
    <subfield code="7">0</subfield>
    <subfield code="a">01</subfield>
    <subfield code="b">01</subfield>
    <subfield code="d">2021-02-27</subfield>
    <subfield code="l">0</subfield>
    <subfield code="o">RHC 891.439305 FAN-</subfield>
    <subfield code="p">112838</subfield>
    <subfield code="r">2021-02-27 00:00:00</subfield>
    <subfield code="w">2021-02-27</subfield>
    <subfield code="y">BK</subfield>
  </datafield>
</record>
